Základné matematicko-štatistické metódy používané v poľnohospodársko-ekonomickom výskume užívateľská príručka

Salvato in:
Dettagli Bibliografici
Autore principale: Prachárová, Mária
Natura: Libro
Lingua:slovacco
Pubblicazione: Bratislava Výskumný ústav ekonomiky poľnohospodárstva a potravinárstva 1983
Tags: Aggiungi Tag
Nessun Tag, puoi essere il primo ad aggiungerne!!

MARC

LEADER 00000nam a2200000 4500
001 c134369
005 20200721091942.5
041 0 |a slo 
044 |a SK 
245 1 0 |a Základné matematicko-štatistické metódy používané v poľnohospodársko-ekonomickom výskume  |b užívateľská príručka  |c Mária Prachárová 
264 1 |a Bratislava  |b Výskumný ústav ekonomiky poľnohospodárstva a potravinárstva  |c 1983 
300 |a 104 s. 
100 1 |a Prachárová, Mária